Obchodníci viac investujú do chladenia

Pribúdajú obchodníci, ktorých ochota zaplatiť a radšej vymeniť staré zariadenie za nové je vyššia ako v minulosti. Preferujú kúpu nových technológií, ktoré im v konečnom dôsledku prinesú úsporu nákladov pri používaní a prevádzke. Na druhej strane sú aj takí, ktorí sa snažia využívať staršie a repaso...

Descripción completa

Guardado en:
Detalles Bibliográficos
Autor principal: Raševová, Kristína
Formato: Capítulo de libro
Lenguaje:eslovaco
Materias:
Etiquetas: Agregar Etiqueta
Sin Etiquetas, Sea el primero en etiquetar este registro!

MARC

LEADER 00000naa a2200000 4500
001 0245608
005 20200305093329.5
041 0 |a slo 
044 |a CZ 
245 1 0 |a Obchodníci viac investujú do chladenia  |c Kristína Raševová 
520 |a Pribúdajú obchodníci, ktorých ochota zaplatiť a radšej vymeniť staré zariadenie za nové je vyššia ako v minulosti. Preferujú kúpu nových technológií, ktoré im v konečnom dôsledku prinesú úsporu nákladov pri používaní a prevádzke. Na druhej strane sú aj takí, ktorí sa snažia využívať staršie a repasované zariadenia s nižšou obstarávacou cenou, i keď z dlhodobého hľadiska nie sú až také výhodné ani úsporné. 
610 2 0 |a vybavenosť pracoviska 
610 2 0 |a technológie nové 
610 2 0 |a zariadenia chladiarenské 
610 2 0 |a údržba 
610 2 0 |a úspory finančné 
100 1 |a Raševová, Kristína